George Strait Songs - Statistics

General Stats
  • This quiz has been taken 139 times
  • The average score is 11 of 60
Answer Stats
Hint Answer % Correct
3 Check Yes Or No
66%
6 Ocean Front Property
65%
19 I Can Still Make Cheyenne
47%
4 The Chair
47%
2 Carrying Your Love With Me
45%
10 Write This Down
40%
1 All My Ex's Live In Texas
38%
5 I Cross My Heart
36%
13 Baby Blue
33%
9 Blue Clear Sky
32%
27 Run
32%
8 Heartland
31%
7 Love Without End, Amen
30%
26 Give It Away
28%
18 You Look So Good In Love
27%
11 Carried Away
22%
17 Fool Hearted Memory
22%
15 Baby's Gotten Good At Goodbye
20%
49 Here For A Good Time
20%
40 Ace In The Hole
19%
57 I Saw God Today
19%
12 You Know Me Better Than That
19%
21 Easy Come, Easy Go
18%
33 True
18%
20 Does Fort Worth Ever Cross Your Mind
16%
54 Am I Blue
15%
28 I've Come To Expect It From You
15%
37 Nobody In His Right Mind Would Have Left Her
15%
25 If I Know Me
14%
38 Right Or Wrong
14%
22 She'll Leave You With A Smile
14%
30 A Fire I Can't Put Out
13%
39 Give It All We Got Tonight
13%
43 Let's Fall To Pieces Together
13%
31 The Big One
13%
51 The Chill Of An Early Fall
13%
41 Wrapped
13%
14 I Just Want To Dance With You
12%
32 The Best Day
12%
59 I Hate Everything
11%
24 One Night At A Time
11%
44 Famous Last Words Of A Fool
10%
48 Lead On
10%
47 So Much Like My Dad
10%
55 What's Going On In Your World
10%
29 It Ain't Cool To Be Crazy About You
9%
35 We Really Shouldn't Be Doing This
9%
16 You Can't Make A Heart Love Somebody
9%
42 Go On
7%
52 It Just Comes Natural
7%
34 Living And Living Well
7%
23 She Let Herself Go
7%
46 Today My World Slipped Away
7%
53 I'd Like To Have That One Back
6%
58 Love's Gonna Make It Alright
6%
45 If You Ain't Lovin' (You Ain't Livin')
5%
36 Round About Way
5%
50 The Man In Love With You
5%
60 River Of Love
4%
56 I Know She Still Loves Me
3%
No matching quizzes found
Score Distribution
Percent of People with Each Score
Percentile by Number Answered
Your Score History
You have not taken this quiz